LIBRARY & INFORMATION CENTRE, KCAET, TAVANUR

ONLINE PUBLIC ACCESS CATALOGUE (OPAC)

Short guide to English style / (Record no. 8646)

MARC details
000 -LEADER
fixed length control field 00417cam a2200169ua 4500
041 ## - LANGUAGE CODE
Language code of text/sound track or separate title eng
082 ## - DEWEY DECIMAL CLASSIFICATION NUMBER
Classification number 421.1
Item number WAR/SH
100 ## - MAIN ENTRY--AUTHOR NAME
Personal name Warner, Alan .
245 ## - TITLE STATEMENT
Title Short guide to English style /
250 ## - EDITION STATEMENT
Edition statement 1 /
260 ## - PUBLICATION, DISTRIBUTION, ETC. (IMPRINT)
Place of publication London :
Name of publisher Oxford University Press ,
Year of publication 1963.
300 ## - PHYSICAL DESCRIPTION
Number of Pages 198 ; .
942 ## - ADDED ENTRY ELEMENTS (KOHA)
Koha item type Books
Holdings
Withdrawn status Lost status Damaged status Home library Current library Date acquired Cost, normal purchase price Full call number Accession Number Koha item type Public note
Withdrawn     KAUAET KAUAET 07/04/2012 7.60 421.1 6892 Books  
Withdrawn     KAUAET Sanskrit University 07/04/2012   421.1 8569 Books Transferred to Sanskrit University
free website counter